header

Math for real life for dummies (Record no. 65361)

MARC details
000 -LEADER
fixed length control field 01343nam a2200337 a 4500
100 1# - MAIN ENTRY--AUTHOR NAME
Personal name Schoenborn, Barry J.
245 10 - TITLE STATEMENT
Title Math for real life for dummies
250 ## - EDITION STATEMENT
Edition statement 1st ed.
260 ## - PUBLICATION, DISTRIBUTION, ETC. (IMPRINT)
Place of publication Hoboken, N.J. :
Name of publisher Wiley,
Year of publication 2013.
300 ## - PHYSICAL DESCRIPTION
Number of Pages xviii, 268 p. :
Other physical details ill.
500 ## - GENERAL NOTE
General note Includes index.
505 0# - FORMATTED CONTENTS NOTE
Formatted contents note pt. 1. Boning up on math basics -- pt. 2. Math for everyday activities -- pt. 3. Math to manage your personal finances -- pt. 4. The part of tens.
650 #0 - SUBJECT ADDED ENTRY--TOPICAL TERM
Topical Term Mathematics.
856 40 - ELECTRONIC LOCATION AND ACCESS
Uniform Resource Identifier http://site.ebrary.com/lib/rucke/Doc?id=10658429

No items available.

© 2026 Rongo University
Contact us: librarian | system librarian | Rongo university